Environmental geology
Intended for the introductory-level college course, the principal aim of this text is to present the student with a broad overview of environmental geology. The text looks both at how the earth developed into its present condition and where matters seem to be moving for the future. It is hoped that...
Spremljeno u:
| Glavni autor: | |
|---|---|
| Format: | Knjiga |
| Jezik: | Undetermined |
| Izdano: |
Boston
McGraw-Hill
2003
|
| Teme: | |
| Oznake: |
Dodaj oznaku
Bez oznaka, Budi prvi tko označuje ovaj zapis!
|
| Thư viện lưu trữ: | Trung tâm Học liệu Trường Đại học Cần Thơ |
|---|
| LEADER | 01010nam a2200205Ia 4500 | ||
|---|---|---|---|
| 001 | CTU_115928 | ||
| 008 | 210402s9999 xx 000 0 und d | ||
| 020 | |c 115.31 | ||
| 082 | |a 550 | ||
| 082 | |b M788 | ||
| 100 | |a Montgomery, Carla W. | ||
| 245 | 0 | |a Environmental geology | |
| 245 | 0 | |c Carla W. Montgomery | |
| 260 | |a Boston | ||
| 260 | |b McGraw-Hill | ||
| 260 | |c 2003 | ||
| 520 | |a Intended for the introductory-level college course, the principal aim of this text is to present the student with a broad overview of environmental geology. The text looks both at how the earth developed into its present condition and where matters seem to be moving for the future. It is hoped that this knowledge will provide the student with a useful foundation for discussing and evaluating specific environmental issues, as well as for developing ideas about how the problems should be solved | ||
| 650 | |a Environmental geology | ||
| 904 | |i Vương | ||
| 980 | |a Trung tâm Học liệu Trường Đại học Cần Thơ | ||